|
|
|
|
| LEADER |
00634nam a2200193 4500 |
| 020 |
|
|
|c 850
|
| 082 |
|
|
|a 323 MOH-G
|
| 100 |
|
|
|a Mohanty,Manoranjan;Baum,Richard;Ma,Rong and Mathew,George
|
| 245 |
|
|
|a Grass-roots democracy in India and China:The right to participate
|
| 250 |
|
|
|
| 260 |
|
|
|a Sage Publication ,New Delhi
|c 2007
|
| 300 |
|
|
|
| 490 |
|
|
|
| 500 |
|
|
|
| 590 |
|
|
|a MBC Trivandrum
|b mbc-0779/07 16/07/2007
|c 850
|
| 650 |
|
|
|a Relation of state to its residents
|
| 942 |
|
|
|c REF
|
| 999 |
|
|
|c 115060
|d 115060
|
| 952 |
|
|
|0 0
|1 0
|4 0
|6 323_000000000000000_MOHG
|7 0
|9 128527
|a ECN
|b ECN
|g 850.00
|l 0
|o 323 MOH-G
|p ECN12081
|r 2019-09-25
|w 2019-09-25
|y REF
|